|
|
|
|
| LEADER |
01066nam a2200229 a 4500 |
| 001 |
GR-Patra18655 |
| 008 |
050831s2004 gr b 000 0 gre d |
| 020 |
|
|
|a 9600424853
|
| 040 |
|
|
|a GrPaTEI
|b gre
|c GR-PaULI
|
| 040 |
|
|
|a GrPaTEI
|b gre
|c GR-PaULI
|
| 082 |
|
0 |
|a 372
|2 21
|
| 100 |
1 |
|
|a Βαγιάννη, Ρίκα Ζ.
|
| 245 |
1 |
2 |
|a Η φραουλοϊστορία μας :
|b μια ιστορία γεμάτη αγάπη, δάκρυα και φραουλίτσες /
|c Ρίκα Ζ. Βαγιάννη.
|
| 260 |
|
|
|a Αθήνα :
|b Κέδρος,
|c c2004
|
| 300 |
|
|
|a 90σ. :
|b εικ.
|
| 500 |
|
|
|a Το αντίτυπο είναι μόνιμα δανεισμένα στο παιδικό σταθμό του ΤΕΙ Πάτρας
|
| 650 |
|
4 |
|a ΠΑΙΔΙΚΑ ΒΙΒΛΙΑ
|
| 710 |
0 |
|
|a Κέδρος
|
| 942 |
|
|
|2 ddc
|
| 952 |
|
|
|0 0
|1 0
|2 ddc
|4 0
|6 372_000000000000000_ΒΑΓ
|7 0
|9 298720
|a LISK
|b LISK
|c BSC
|d 2021-01-17
|e 24
|f 1
|g 0.00
|l 0
|o 372 ΒΑΓ
|p 92410027335
|r 2021-01-17 00:00:00
|t 1
|w 2021-01-17
|y BK15
|x 20050831 0 1
|x GrPaTEI
|
| 971 |
|
|
|a .b26661706
|b 16-04-20
|c 23-09-16
|
| 999 |
|
|
|c 173816
|d 173816
|